Eastern Utah Libraries Catalog: Duchesne, Heber, Roosevelt, & Vernal

The friend zone. (Record no. 398486)

MARC details
000 -LEADER
fixed length control field 01675cam a2200397 a 4500
001 - CONTROL NUMBER
control field 1061886104
005 - DATE AND TIME OF LATEST TRANSACTION
control field 20240715180849.0
008 - FIXED-LENGTH DATA ELEMENTS--GENERAL INFORMATION
fixed length control field 181105s2019 nyu g 000 1 eng|d
010 ## - LIBRARY OF CONGRESS CONTROL NUMBER
LC control number 2018052066
020 ## - INTERNATIONAL STANDARD BOOK NUMBER
International Standard Book Number 9781538715604 (paperback) :
Terms of availability $14.99
035 ## - SYSTEM CONTROL NUMBER
System control number (OCoLC)1061886104
035 ## - SYSTEM CONTROL NUMBER
System control number (DLC) 2018052066
040 ## - CATALOGING SOURCE
Original cataloging agency DLC
Language of cataloging eng
Description conventions rda
Transcribing agency DLC
Modifying agency TnLvILS
042 ## - AUTHENTICATION CODE
Authentication code pcc
050 00 - LIBRARY OF CONGRESS CALL NUMBER
Classification number PS3610.I47
Item number F75 2019
082 00 - DEWEY DECIMAL CLASSIFICATION NUMBER
Classification number 813/.6
Edition number 23
092 ## - LOCALLY ASSIGNED DEWEY CALL NUMBER (OCLC)
Classification number adult fiction
Item number Jimenez
100 1# - MAIN ENTRY--PERSONAL NAME
Personal name Jimenez, Abby,
Relator term author.
245 14 - TITLE STATEMENT
Title The friend zone.
Number of part/section of a work Book 1 /
Statement of responsibility, etc Abby Jimenez.
246 3# - VARYING FORM OF TITLE
Title proper/short title The friend zone.
246 3# - VARYING FORM OF TITLE
Title proper/short title Friend zone.
250 ## - EDITION STATEMENT
Edition statement First edition.
264 #1 - Production, Publication, Distribution, Manufacture, and Copyright Notice.
Place of production, publication, distribution, manufacture New York :
Name of producer, publisher, distributor, manufacturer Forever,
Date of production, publication, distribution, manufacture, or copyr 2019.
300 ## - PHYSICAL DESCRIPTION
Extent 367 pages ;
Dimensions 21 cm.
336 ## - Content Type
Content type term text
337 ## - Media type
Media type term unmediated
338 ## - Carrier type
Carrier type term volume
490 ## - SERIES STATEMENT
Series statement Friend Zone ;
Volume number/sequential designation 1
520 ## - SUMMARY, ETC.
Summary, etc "Kristen Peterson doesn't do drama, will fight to the death for her friends, and has no room in her life for guys who just don't get her. She's also keeping a big secret: facing a medically necessary procedure that will make it impossible for her to have children. Planning her best friend's wedding is bittersweet for Kristen--especially when she meets the best man, Josh Copeland ... Even her dog, Stuntman Mike, adores him. The only catch: Josh wants a big family someday"--Back cover.
650 #0 - SUBJECT ADDED ENTRY--TOPICAL TERM
Topical term or geographic name as entry element Man-woman relationships
Form subdivision Fiction.
9 (RLIN) 5674079
650 #0 - SUBJECT ADDED ENTRY--TOPICAL TERM
Topical term or geographic name as entry element Weddings
General subdivision Planning
Form subdivision Fiction.
9 (RLIN) 5686538
650 #0 - SUBJECT ADDED ENTRY--TOPICAL TERM
Topical term or geographic name as entry element Infertility
Form subdivision Fiction.
9 (RLIN) 5799005
650 #0 - SUBJECT ADDED ENTRY--TOPICAL TERM
Topical term or geographic name as entry element Childlessness
Form subdivision Fiction.
9 (RLIN) 6362123
655 #0 - INDEX TERM--GENRE/FORM
Genre/form data or focus term Romance fiction.
942 ## - ADDED ENTRY ELEMENTS (KOHA)
Source of classification or shelving scheme Dewey Decimal Classification
Koha item type BOOK
Holdings
Withdrawn status Lost status Source of classification or shelving scheme Damaged status Not for loan Collection code Home library Current library Shelving location Date acquired Source of acquisition Serial Enumeration / chronology Total Checkouts Total Renewals Full call number Barcode Date last seen Date checked out Cost, replacement price Price effective from Koha item type
    Dewey Decimal Classification     Fiction Wasatch County Library Wasatch County Library First Floor 07/15/2024 Amazon #1 Friend Zone 14 7 F Jimenez 34301002123364 03/10/2026 02/04/2026 17.99 07/15/2024 BOOK
This project was made possible through a grant from the Institute of Museum and Library Service administered by the Utah State Library Division.

Wasatch County Library

  • 465 East 1200 South, Heber City, Utah 84032
  • Phone 435-654-1511 | Fax 435-654-6456

Hours

  • Monday - Friday 9:30 AM - 8:00 PM
  • Saturday 9:30 AM - 1:30 PM
  • Closed Sundays and Holidays